The Mineralogical record

Detalles Bibliográficos
Formato: Electrónico Revista
Lenguaje:inglés
Publicado: [Tucson, Ariz., etc.] : [Mineralogical Record]
Materias:
Acceso en línea:Full text available from Research Library: 01/01/1994 to 01/31/2009

MARC

LEADER 00000nas a2200000 a 4500
001 ssj0004330
003 WaSeSS
005 20200512172242.0
006 m d
007 cr n
008 050614c19709999azubr pss 0 0eng c
010 |a  2013236943 
016 7 |a 003272380  |2 IsJJNL 
022 |y 0026-4628 
035 |a (WaSeSS)ssj0004330 
040 |a OCLCS  |b eng  |c OCLCS  |d UV0  |d OCLCQ  |d B3G  |d OCLCE  |d OCLCQ  |d NOC  |d J9U  |d OCLCF  |d OCLCO  |d OCLCQ  |d AU@  |d U3W  |d LVT  |d WaSeSS 
042 |a pcc 
050 4 |a QE351  |b .M38 
082 0 4 |a 549/.08 
082 0 4 |a 549/.05  |2 20 
130 0 |a Mineralogical record (Online) 
245 1 4 |a The Mineralogical record  |h [electronic resource]. 
260 |a [Tucson, Ariz., etc.] :  |b [Mineralogical Record] 
310 |a Bimonthly 
362 1 |a Print began with v. 1 in spring 1970. 
506 |a License restrictions may limit access. 
538 |a Mode of access: World Wide Web. 
555 |a Vols. 1 (1970)-14 (1983). 1 v. 
588 |a Description based on print version record. 
588 |a Latest issue consulted: Vol. 41, no. 6 (Nov./Dec. 2010) (viewed July 16, 2013). 
650 0 |a Mineralogy  |v Periodicals. 
650 7 |a Mineralogy.  |2 fast  |0 (OCoLC)fst01022406 
653 0 |a Earth sciences. 
655 0 |a Electronic journals. 
770 0 |t Mineralogical record. Special publication 
776 0 8 |i Print version:  |t Mineralogical record  |x 0026-4628  |w (DLC) 79017554  |w (OCoLC)1757528 
856 4 0 |z Full text available from Research Library: 01/01/1994 to 01/31/2009  |u https://search.proquest.com/publication/15490